| Tag |
First Indicator |
Second Indicator |
Subfields |
| LEADER |
00000cam a2200000 a 4500 |
| 001 |
in00000039532 |
| 005 |
20230927121920.0 |
| 008 |
950502s1957 sz i000 0 eng d |
| 019 |
|
|
|a 4824991
|
| 035 |
|
|
|a (OCoLC)ocm32407567
|
| 035 |
|
|
|a (OCoLC)32407567
|z (OCoLC)4824991
|
| 035 |
|
|
|a (OCoLC)ocm32407567
|
| 040 |
|
|
|a IND
|b eng
|c IND
|d EXA
|d OCLCF
|d OCLCQ
|d OCLCO
|d ESU
|d WLU
|d OCLCQ
|
| 050 |
|
4 |
|a HD6331
|b .I57
|
| 082 |
1 |
4 |
|a 331
|
| 110 |
2 |
|
|a International Labour Office.
|
| 245 |
1 |
0 |
|a Report of the Director-General.
|n Part I :
|b Automation and other technological developments : labour and social implications.
|
| 260 |
|
|
|a Geneva :
|b International Labour Office,
|c 1957.
|
| 300 |
|
|
|a 105 pages ;
|c 24 cm
|
| 336 |
|
|
|a text
|b txt
|2 rdacontent
|
| 337 |
|
|
|a unmediated
|b n
|2 rdamedia
|
| 338 |
|
|
|a volume
|b nc
|2 rdacarrier
|
| 500 |
|
|
|a "First item on the Agenda."
|
| 500 |
|
|
|a At head of title: International Labour Conference. 40th session, 1957. Report I (Part 1).
|
| 610 |
2 |
0 |
|a International Labour Office.
|
| 610 |
2 |
7 |
|a International Labour Office.
|2 fast
|0 (OCoLC)fst00535312
|
| 711 |
2 |
|
|a International Labour Conference
|n (40th :
|d 1957 :
|c Geneva, Switzerland)
|
| 948 |
|
|
|h HELD BY TXA - 19 OTHER HOLDINGS
|
| 994 |
|
|
|a Z0
|b TXA
|
| 999 |
f |
f |
|s 3b0c00f1-9820-3b27-bdd1-0e694f90e468
|i d3ffa200-fe2e-3a42-97ac-ab78368d9076
|t 0
|
| 952 |
f |
f |
|p ric
|a Texas A&M University
|b Rellis Campus
|c Joint Library Facility
|d Remote Storage
|t 0
|e HD6331 .I57
|h Library of Congress classification
|i unmediated -- volume
|m A14800639791
|
| 998 |
f |
f |
|a HD6331 .I57
|t 0
|l Remote Storage
|